000 01226cam a2200301 a 4500
999 _c129430
_d129430
001 16640722
003 ARRUPE
005 20190424124817.0
008 110207s2012 tnua b 001 0 eng
010 _a 2011003063
020 _a9780826518071 (cloth : acidfree paper)
040 _aDLC
_cDLC
_dDLC
042 _apcc
043 _af-rh---
050 0 0 _aGR358.6
_b.S56 2011
082 0 0 _a614.5/993920096891
_222
100 1 _aSimmons, David S.
_945906
245 1 0 _aModernizing medicine in Zimbabwe :
_bHIV/AIDS and traditional healers /
_cDavid S. Simmons.
260 _aNashville :
_bVanderbilt University Press,
_cc2012.
300 _axii, 224 p. :
_bill. ;
_c24 cm.
504 _aIncludes bibliographical references (p. 203-217) and index.
650 0 _aTraditional medicine
_zZimbabwe.
_913507
650 0 _aHealers
_zZimbabwe.
_913508
650 0 _aMedical anthropology
_zZimbabwe.
_936380
650 0 _aHIV infections
_zZimbabwe.
_945907
650 0 _aAIDS (Disease)
_zZimbabwe.
_922760
906 _a7
_bcbc
_corignew
_d1
_eecip
_f20
_gy-gencatlg
942 _2lcc
_cMONOGRAPH